000
00294nam a22001337a 4500
008
180316b xxu||||| |||| 00| 0 eng d
020
_a
9780669167122
041
_a
eng
080
_2
2nd
_a
54
100
_a
12
101
_a
KIM
245
_a
Experimental chemistry
_c
Hall,J.F
942
_2
udc
_c
BK
999
_c
45255
_d
45255